Normale Ansicht
MARC-Ansicht
Eintrag Personenname
001 - Kontrollnummer
- Kontrollfeld: 66706
003 - Kontrollnummer Identifier
- Kontrollfeld:
005 - Datum und Zeit der letzten Transaktion
- Kontrollfeld: 20250813170311.0
008 - Datenelemente mit fester Länge
- Kontrollfeld mit fester Länge: 250813|| aca||aabn | a|a d
040 ## - Katalogisierungsquelle
- Original-Katalogisierungsstelle:
- Übertragungsstelle:
100 ## - Ansetzung - Personenname
- Personenname: Attia, Jalil (Hrsg.); Kahl, Oliver (Hrsg.); Kahl, Oliver (©·Ubersetzung)
670 ## - Datenquelle
- Quellenangabe: Work cat.: ()72674: Attia, Jalil (Hrsg.); Kahl, Oliver (Hrsg.); Kahl, Oliver (©·Ubersetzung) aut, The Foundation of Governance (As©·As Al-Siy©·Asa)